000
00346nam a2200133Ia 4500
008
100328s9999 xx 000 0 und d
082
_b
55888
100
_a
पठाण यू.म.
245
_a
रेशीमबंा
260
_b
शब्द
630
_a
रेशीमबंा
730
_a
रेशीमबंा
942
_c
BOOK
999
_c
542498
_d
542495